Формоизменение тел и внешние силы: популяризация идей профессора Рейтё о междучастичном трении твердых тел

Detalles Bibliográficos
Autor Principal: Конюхов С. К. Семен Кондратьевич
Summary:Отдельный оттиск из "Журнала Общества Сибирских Инженеров" №№10, 11-12 за 1915 г.
Текст в русской дореформенной орфографии
Idioma:ruso
Publicado: Томск, Типо-литография Сибирского Т-ва Печатного Дела, 1916
Subjects:
Formato: MixedMaterials Libro
KOHA link:https://koha.lib.tpu.ru/cgi-bin/koha/opac-detail.pl?biblionumber=373247

MARC

LEADER 00000nam0a2200000 4500
001 373247
005 20231102012540.0
035 |a (RuTPU)RU\TPU\retro\30675 
035 |a RU\TPU\book\305425 
090 |a 373247 
100 |a 20221215d1916 k y0rusy50 ca 
101 0 |a rus 
102 |a RU 
105 |a a z 000zy 
200 1 |a Формоизменение тел и внешние силы  |e популяризация идей профессора Рейтё о междучастичном трении твердых тел  |f С. К. Конюхов 
210 |a Томск  |c Типо-литография Сибирского Т-ва Печатного Дела  |d 1916 
215 |a 28 с.  |c табл. 
300 |a Отдельный оттиск из "Журнала Общества Сибирских Инженеров" №№10, 11-12 за 1915 г. 
300 |a Текст в русской дореформенной орфографии 
316 |5 63413507: 34//522  |a В тексте карандашные пометы 
606 1 |a Твердые тела  |x Трение внутренние  |2 stltpush  |3 (RuTPU)RU\TPU\subj\58692  |9 76457 
610 1 |a труды учёных ТПУ 
610 1 |a коллекция ТПУ 
610 1 |a материалы 
610 1 |a пластичность 
610 1 |a вязкость 
610 1 |a подгруппы 
610 1 |a группы 
610 1 |a трение 
610 1 |a упругость 
610 1 |a растяжение 
610 1 |a опыты 
675 |a 539.67  |v 3 
700 1 |a Конюхов  |b С. К.  |c инженер-технолог  |c преподаватель, профессор ТТИ (1907-1923)  |f 1875-?  |g Семен Кондратьевич  |2 stltpush  |3 (RuTPU)RU\TPU\pers\23351  |9 10131 
801 1 |a RU  |b 63413507  |c 20150123 
801 2 |a RU  |b 63413507  |c 20221215  |g RCR 
942 |c BK